000 00417nam a2200121 a 4500
005 20140414131848.0
008 100717s19uu xx 00 eng d
050 _aM 398.2
_bB86 1989
100 _aBuell, Ellen Lewis
245 _aA treasury of little golden books :
_b36 all-time favorite stories /
_cselected and edited by Ellen Lewis Buell.
260 _aRacine, Wisconsin :
_bWestern Pub CO,
_c1989.
999 _c110040
_d110040